000 00382nam a22001337a 4500
020 _qPB.
040 _cFIZZA ISHAQ
082 _a363.2014
_bHAR
100 _aWALLACE,HARVEY.
_9133246
245 _aWRITTEN AND INTERPERSONAL COMMUNICATION METHODS FOR LAW ENFORCEMENT /
_cHARVEY WALLACE.
260 _aNEW YORK ;
_bPEARSON,
_c2004.
300 _a195 P. ;
_c9.1X6.9IN
942 _2ddc
_cBK
999 _c616211
_d616211